书目信息 |
| 题名: |
人类历史上的重要事件
|
|
| 作者: | 弗格森 著 ;张镌 译 | |
| 分册: | ||
| 出版信息: | 上海 上海科学技术文献出版社 2016 |
|
| 页数: | 266页 | |
| 开本: | 24cm | |
| 丛书名: | 美国科学问答丛书 | |
| 单 册: | ||
| 中图分类: | K105 | |
| 科图分类: | ||
| 主题词: | 世界史--历史事件--通俗读物 | |
| 电子资源: | ||
| ISBN: | 978-7-5439-6651-2 | |
| 000 | 01089nam0 2200301 450 | |
| 001 | 1740573172 | |
| 005 | 20170406154448.25 | |
| 010 | @a978-7-5439-6651-2@dCNY39.00 | |
| 100 | @a20160505d2016 em y0chiy50 ea | |
| 101 | 1 | @achi@ceng |
| 102 | @aCN@b310000 | |
| 105 | @aa z 000yy | |
| 106 | @ar | |
| 200 | 1 | @a人类历史上的重要事件@9ren lei li shi shang de zhong yao shi jian@b专著@dThe handy history answer book@e1000个历史知识@f(美)丽贝卡·弗格森著@g张镌译@zeng |
| 210 | @a上海@c上海科学技术文献出版社@d2016 | |
| 215 | @a266页@c图,照片@d24cm | |
| 225 | 1 | @a美国科学问答丛书 |
| 300 | @a美国中学生课外读物 美国家庭必备参考书 | |
| 330 | @a本书将大量事实和历史故事摆在读者面前,重现那些改变世界、具有革命性意义的思想、行为和发明创造。 | |
| 461 | 0 | @12001 @a美国科学问答丛书 |
| 510 | 1 | @aHandy history answer book@zeng |
| 517 | 1 | @a1000个历史知识@A1000 ge li shi zhi shi |
| 606 | 0 | @a世界史@x历史事件@j通俗读物 |
| 690 | @aK105@v5 | |
| 701 | 0 | @c(美)@a弗格森@9fu ge sen@4著 |
| 702 | 0 | @a张镌@9zhang juan@4译 |
| 801 | 0 | @aCN@b91MARC@c20160516 |
| 905 | @aBZT@dK105@e11 | |
| 人类历史上的重要事件=The handy history answer book:1000个历史知识/(美)丽贝卡·弗格森著/张镌译.-上海:上海科学技术文献出版社,2016 |
| 266页:图,照片;24cm.-(美国科学问答丛书) |
| 美国中学生课外读物 美国家庭必备参考书 |
| ISBN 978-7-5439-6651-2:CNY39.00 |
| 本书将大量事实和历史故事摆在读者面前,重现那些改变世界、具有革命性意义的思想、行为和发明创造。 |
| ● |
| 相关链接 |
|
|
|
正题名:人类历史上的重要事件
索取号:K105/11
 
预约/预借
| 序号 | 登录号 | 条形码 | 馆藏地/架位号 | 状态 | 备注 |
| 1 | 827453 | 2000827453 | 第二书库/ [索取号:K105/11] | 在馆 | |
| 2 | 827454 | 2000827454 | 第二书库/ [索取号:K105/11] | 在馆 | |
| 3 | 827455 | 2000827455 | 第二书库/ [索取号:K105/11] | 在馆 |